000 00488nam a2200157 4500
999 _c508386
_d508386
008 190320b ||||| |||| 00| 0 eng d
100 _aJensen, Robert
_93698
245 _aMarket integration, demand, and the growth of firms:
_bevidence from a natural experiment in India
260 _c2018
300 _ap.3583-3625.
650 _aFirms - India
_93699
700 _aMiller, Nolan H.
_93700
773 _aAmerican Economic Review
906 _aEnterprises - India
942 _2ddc
_cAR